Asentamientos urbanos y organización socioproductiva en la historia de América Latina
Đã lưu trong:
| Những tác giả chính: | , |
|---|---|
| Định dạng: | Sách |
| Ngôn ngữ: | Tiếng Tây Ban Nha |
| Được phát hành: |
Buenos Aires
SIAP
1977
|
| Những chủ đề: | |
| Các nhãn: |
Thêm thẻ
Không có thẻ, Là người đầu tiên thẻ bản ghi này!
|
MARC
| LEADER | 00000nam a2200000 a 4500 | ||
|---|---|---|---|
| 001 | UCX1525 | ||
| 003 | CL-VaPUC | ||
| 008 | 900913e19770000AG |||||||||||||||||spa|d | ||
| 082 | 0 | 4 | |a 980 |b HAR |2 21 |
| 100 | |a Hardoy, Jorge Enrique |e author |9 619715 | ||
| 700 | 0 | |a Schaedel, Richard P |e author |9 317050 | |
| 245 | 1 | 0 | |a Asentamientos urbanos y organización socioproductiva en la historia de América Latina |
| 300 | |a 385 p | ||
| 942 | |c BK | ||
| 945 | |d 19900913 00:00:00 | ||
| 260 | |a Buenos Aires |b SIAP |c 1977 | ||
| 650 | 0 | |a Urbanismo |9 255208 | |
| 650 | 0 | |a Producción |9 263680 | |
| 650 | 0 | |a Historia |9 255047 | |
| 651 | 0 | |a América Latina |9 255027 | |
| 583 | |a last modification |c 19900913 00:00:00 |k Rodrigo Vera | ||
| 999 | |c 222733 |d 222731 | ||
| 952 | |0 0 |1 0 |4 0 |6 980_000000000000000_HAR_1977 |7 0 |8 A |9 217888 |a BIBHIS |b BIBHIS |d 2019-11-15 |i 2867524 |o 980 HAR 1977 |p 2867524 |r 2025-01-20 |w 2019-11-15 |y BK |k HIS | ||